000
00208nam a22000977a 4500
003
SGT
100
_a
MODERN ELECTRONIC- BEASLEY S.
245
_a
MODERN ELECTRONIC
260
_a
NEW DELHI
_b
PHI
942
_2
ddc
_c
CD
999
_c
20080
_d
20080